000 00455nam a2200181Ia 4500
005 20250423095841.0
008 250422s9999 xx 000 0 und d
020 _a0-471-39880-X
050 _aTK 7868.S9 .H5/
100 _aFrederick J. Hill
245 0 _aIntroduction to Switching Theory and Logical Design
260 _aNew York
260 _bJohn Wiley & Sons Inc
260 _c1968
300 _a447 p
650 _aLogic Design
942 _cBK
999 _c31523
_d31523